| 000 | 00452nam a2200157 a 4500 | ||
|---|---|---|---|
| 001 | BRCA_9124 | ||
| 005 | 20190320210528.0 | ||
| 008 | 051017s1793----sp-#######---#000-0#lat-# | ||
| 041 | _alat | ||
| 084 |
_aCO87 _b.P56 1793 |
||
| 245 | 1 | 0 |
_aPio sexto, P. O. M. Joannes Espiscopus Ananiensis, Felicitatem. _c1793 |
| 300 |
_a182 p. (t.IV) _c21.5 x 15 cm |
||
| 500 | _aEstado físico: presenta encuadernación en pergamino | ||
| 902 | _aCFM | ||
| 942 |
_2lcc _cB |
||
| 999 |
_c8772 _d8772 |
||